000 01361cam a2200385 i 4500
001 68818
003 Mx-PuUPA
005 20221017081812.0
008 221014s2016 mx a gr 000 0 spa d
020 _a9786072420588
020 _a9789687791760
_qde la colección el barco de vapor
040 _aMx-PuUPA
_bspa
_cMx-PuUPA
_dMx-PuUPA
_erda
041 0 _aspa
100 1 _910754
_aPeyron, Gabriela,
_eautor
245 1 0 _a¡Aquí viene Lucas! /
_cGabriela Peyron ; ilustraciones de Cecilia Rébora
250 _aTercera edición
264 1 _aCiudad de México :
_bSM de Ediciones,
_c2016
300 _a61 páginas :
_bilustraciones ;
_c21 cm
336 _2rdacontent
_atexto
_btxt
336 _2rdacontent
_aimagen fija
_bsti
337 _2rdamedia
_asin medio
_bn
338 _2rdacarrier
_avolumen
_bnc
490 1 _aEl bardo de vapor. Blanca ;
_v16 M
521 0 _aPrimeros lectores.
650 7 _2armarc
_aLiteratura mexicana
650 7 _2armarc
_aAutoestima
_xLiteratura infantil
650 7 _2armarc
_aLactantes
_xLiteratura infantil
700 1 _aRébora, Cecilia,
_eilustrador
830 0 _aBarco de vapor
_pBlanca
_v16 M
942 _2ddc
_cLI
_h808.8035234
_iB2216
999 _c68818
_d68818